000 01673cam a2200469 a 4500
001 20645
003 VRT
005 20260128143037.0
008 240226s1978 xo gr 000 f slo
015 _aSNBA1978
020 _q(viazané)
035 _aSNK000055761
035 _a0E1CB3FC-EE88-4124-A33F-C29B3970C5C4
035 _aurn:nbn:sk:snk-am00ij48
039 9 _a202402261706
_bVLOAD
_c202305011820
_dVLOAD
_c202304281421
_dVLOAD
_c202304281056
_dVLOAD
040 _aSNK
_bslo
_cSNK
_eAACR2
041 1 _aslo
_hrus
044 _axo
_cSK
072 7 _a821.161.1
_xRuská literatúra
_2konspekt
080 _a821.161.1-31
_22011
080 _a(0:82-311.6)
_22011
100 1 _aTolstoj, Aleksej Konstantinovič,
_d1817-1875
_4aut
240 1 0 _aKňaz Serebrianyj
_lSlovensky
245 1 0 _aKnieža Strieborný
_cA.K. Tolstoj ; [z ruského originálu Kňaz Serebrianyj ... preložil Karol Podolinský]
250 _a3. vyd.
260 _aBratislava
_bTatran
_c1978
_eBanská Bystrica
_fTlačiarne SNP
300 _a354 strán
_c21 cm
366 _e10000 výtl.
490 1 _aMeteor
_vzv. 78.
600 0 7 _aIvan
_bIV.,
_cruský cár,
_d1530-1584
_2SNKMA
655 7 _aruské romány
_2SNKPH
655 7 _ahistorické romány
_2SNKPH
700 1 _aPodolinský, Karol,
_d1903-1998
_4trl
830 0 _aMeteor
910 _asnk
942 _2ddc
_cKLDO
_n0
949 _6273K0283790
_asvkpoA 110492
_bsvkpo254718
949 _617A0341824
_9P60, <04>, [BOOK], {605}
_asnkSC 44638 D1
_bsnkKSP 4715/78
949 _6270001000507350
_asvkbbA 14269
_bsvkbbm 338489
949 _617A0779379
_asnkSC 44638
_bsnkKSP 4714/78
_s6100:20220503
999 _c20645
_d20645